[Event "XVII Profigaia Open 2017"]
[Site "Gaia"]
[Date "2017.06.17"]
[Round "6"]
[White "Silva, Pedro Gil Ferreira "]
[Black "Duarte Mermow, Marcelo"]
[Result "1-0"]
[WhiteElo "1592"]
[BlackElo "2344"]
[Annotator "TA"]
[PlyCount "67"]
[EventDate "2017.??.??"]
[EventType "swiss"]
[EventCountry "POR"]
[SourceTitle "playchess.com"]
[Source "ChessBase"]
[SourceQuality "1"]

{[%evp 15,67,54,66,12,76,26,220,57,53,-7,18,-17,52,66,106,119,112,96,266,270,605,592,574,218,311,301,297,241,249,227,241,236,320,311,462,470,463,445,433,427,434,416,615,629,624,618,888,565,1129,1114,1107,1064,1208,1194]} 1. e4 c5 2. Nf3 e6 3. d4 cxd4 4. Nxd4 a6 5. Nc3 Qc7 6. Bd3 b5 7. O-O Bb7 8. Re1 Nc6 9. Nf3 {B43: Sicilian: Kan Variation: 5 Nc3} (9. Nxc6 $14 dxc6 10. e5) (9. Nxc6 Qxc6 10. a4 b4 11. Nd5 Nf6 12. Bd2 Nxd5 13. exd5 Qc5 14. Be4 O-O-O 15. Be3 Qc7 16. c3 bxc3 17. Rc1 Bb4 18. Qd4 exd5 19. Qxb4 dxe4 20. Bb6 Qe5 21. Rxc3+ Kb8 22. Bd4 {1-0 (22) Caruana,F (2523)-Bui,V (2483) Budapest 2007}) 9... Bb4 $146 (9... Bc5 $11) ({Predecessor:} 9... d6 10. Bf4 Nf6 11. a3 Be7 12. e5 dxe5 13. Nxe5 Nxe5 14. Bxe5 Qc6 15. f3 Bc5+ 16. Kf1 Ba7 {0-1 (47) Acunzo,D (1730)-Locatelli,A (2110) Treviglio 2014}) 10. Bd2 {aiming for Nd5!} d6 $2 {[#]} (10... Bc5 $11 {and Black is okay.}) 11. a3 $2 (11. Nd5 $1 $18 {[%mdl 512]} exd5 12. exd5+ Nce7 13. Bxb4) 11... Bc5 $14 12. Bf4 (12. b4 $14 Bb6 13. a4) 12... Nf6 13. e5 (13. b4 $5 {[%cal Rb4c5]} Bb6 14. Bxd6 Qxd6 15. e5 Nxe5 16. Bxb5+ $1 {[%mdl 512]} Ke7 17. Qxd6+ Kxd6 18. Nxe5 axb5 19. Nxb5+ (19. Nxf7+ Ke7 $15) 19... Ke7 20. c4 $15) 13... Ng4 (13... dxe5 $11 14. Nxe5 O-O) 14. Ne4 $1 $36 {[%cal Re5d6][%mdl 2048] White is pushing.} Ncxe5 15. Nxe5 Nxe5 {[#]} 16. b4 $1 {[%cal Rb4c5]} Ng6 $2 (16... Bd4 $16) 17. Bg3 $18 ({But not} 17. bxc5 $6 Nxf4 18. cxd6 (18. Nxd6+ Kf8 $18) 18... Qd7 $16) 17... Bd4 $2 (17... Bxe4 18. Bxe4 Rd8) 18. Nxd6+ Kf8 19. Nxb5 $2 (19. Nxb7 Nf4 20. Qf3) 19... Qb6 (19... Bxf2+ $142 20. Bxf2 axb5) 20. Nxd4 Qxd4 21. Bxg6 Qxd1 22. Raxd1 hxg6 23. Rd7 Bd5 24. Rc7 Re8 (24... e5 $142 25. c4 Be6 26. Bxe5 Rh4 27. Bxg7+ Kxg7) 25. c4 Ba8 26. Rd1 Rh5 27. Rdd7 Rf5 28. Ra7 a5 (28... Bc6 $142 29. Rdc7 Rd8) 29. b5 {[%cal Bb4b5,Bb5b6][%mdl 32] White is clearly winning.} Kg8 30. b6 Rc5 31. Rac7 Bc6 32. Rd6 Rxc4 33. Rdxc6 Rd4 34. h3 {Precision: White = 41%, Black = 14%.} 1-0

[Event "XVII Profigaia Open 2017"]
[Site "Gaia"]
[Date "2017.06.17"]
[Round "6"]
[White "Sismeiro, Miguel"]
[Black "Silva, Mariana Sofia T"]
[Result "1/2-1/2"]
[WhiteElo "1528"]
[BlackElo "1922"]
[Annotator "NA RC"]
[PlyCount "92"]
[EventDate "2017.??.??"]
[EventType "swiss"]
[EventCountry "POR"]
[SourceTitle "playchess.com"]
[Source "ChessBase"]
[SourceQuality "1"]
[TimeControl "5400+30"]

{[%evp 24,79,52,48,60,56,58,32767,55,33,32767,9,22,15,37,26,41,61,44,42,79,80,134,130,139,133,32767,143,191,157,294,268,291,60,50,43,44,35,47,32767,32767,32767,91,94,97,107,97,95,105,104,95,52,103,78,92,70,77,65]} 1. e4 {[%emt 0:00:00]} c5 {[%emt 0:00:11]} 2. Nf3 {[%emt 0:00:15]} Nc6 {[%emt 0:00:12]} 3. d4 {[%emt 0:00:29]} cxd4 {[%emt 0:00:07]} 4. Nxd4 {[%emt 0:00:16]} g6 {[%emt 0:00:08]} 5. c4 {[%emt 0:00:28]} Bg7 {[%emt 0:00:07]} 6. Be3 {[%emt 0:00:10]} Nf6 {[%emt 0:00:08]} 7. Nc3 {[%emt 0:00:19]} O-O {[%emt 0:00:07]} 8. Be2 {[%emt 0:00:32]} d6 {[%emt 0:00:09]} 9. O-O {[%emt 0:00:27]} Bd7 {[%emt 0:00:07]} 10. Qd2 {[%emt 0:00:19]} Nxd4 {[%emt 0:00:11]} 11. Bxd4 {[%emt 0:00:16]} Bc6 {[%emt 0:00:08]} 12. f3 {[%emt 0:00:22]} a5 {[%emt 0:00:19]} 13. b3 {[%emt 0:00:26]} Nd7 {[%emt 0:00:06]} 14. Be3 {[%emt 0:00:24]} Nc5 {[%emt 0:00:08] LiveBook: 911 Games} 15. Rab1 {[%emt 0:01:34]} Be5 {[%emt 0:05:42] B38: Sicilian: Maroczy Bind with 5...Bg7 and 7...0-0} (15... Qb6 16. Rfc1 Rfc8 17. Rc2 Qb4 18. Qc1 Qb6 19. Kh1 h5 20. a3 Qd8 21. Qd2 Kh7 22. Bf1 Qf8 23. b4 axb4 24. axb4 Na4 25. Ne2 {1-0 (55) Navara,D (2734)-Mamedov,R (2650) Huaian 2016}) 16. Rfc1 {[%emt 0:18:50]} e6 {[%emt 0:00:41]} 17. Bg5 {[%emt 0:10:04]} f6 {[%emt 0:09:31]} 18. Be3 {[%emt 0:01:10]} f5 {[%emt 0:00:32]} 19. exf5 {[%emt 0:02:16]} Rxf5 $146 {[%emt 0:06:28]} ({Predecessor:} 19... gxf5 20. Nb5 Qh4 21. g3 Bxg3 22. hxg3 Qxg3+ 23. Kf1 {½-½ (42) Lehner,O (2400)-Calzetta Ruiz,M (2191) Aschach 2016}) 20. f4 {[%emt 0:06:21]} Bg7 {[%emt 0:05:39]} 21. Bg4 {[%emt 0:04:17]} Rf6 {[%emt 0:06:14]} 22. Rd1 {[%emt 0:01:17]} Ne4 {[%emt 0:02:32] [#]} (22... Rf8 $142) 23. Nxe4 $1 {[%emt 0:01:02]} Bxe4 {[%emt 0:00:06]} 24. Rbc1 {[%emt 0:00:20]} h5 {[%emt 0:08:35] [#]} 25. Bh3 $1 {[%emt 0:04:29]} d5 {[%emt 0:04:42]} 26. Bd4 {[%emt 0:01:53]} Bh6 {[%emt 0:04:11]} (26... a4 $142 27. b4 Kh8) 27. Bxf6 {[%emt 0:03:45]} Qxf6 {[%emt 0:00:05]} 28. Qd4 $2 {[%emt 0:00:23]} ({Resist} 28. cxd5 $6 Bxf4 29. Qc3 (29. Bxe6+ Kh7 $16) 29... Qg5 $16) (28. g3 $18) 28... Qxd4+ {[%emt 0:07:23]} 29. Rxd4 {[%emt 0:00:33]} e5 $1 {[%emt 0:00:23]} 30. Rxd5 {[%emt 0:03:09]} Bxf4 {[%emt 0:05:23]} 31. Be6+ {[%emt 0:02:17]} Kh8 {[%emt 0:00:30]} 32. Re1 {[%emt 0:00:26]} Bxd5 {[%emt 0:02:14]} 33. Bxd5 {[%emt 0:00:10]} Rb8 {[%emt 0:03:15]} 34. g3 {[%emt 0:04:47]} Bd2 {[%emt 0:00:24]} 35. Rxe5 {[%emt 0:01:04]} Bb4 {[%emt 0:00:13]} 36. Kg2 {[%emt 0:00:34]} Kg7 {[%emt 0:00:43]} 37. h3 {[%emt 0:01:34]} b6 {[%emt 0:01:03]} ({Better is} 37... b5 $14) 38. Re6 {[%emt 0:00:54]} g5 {[%emt 0:03:09]} 39. g4 {[%emt 0:00:10]} h4 {[%emt 0:00:41]} 40. Be4 $14 {[%emt 0:02:19]} Bd2 {[%emt 0:01:13]} 41. Kf3 {[%emt 0:00:11]} Bf4 {[%emt 0:02:33]} 42. Bd5 {[%emt 0:00:50]} Bd2 {[%emt 0:01:50]} 43. Be4 {[%emt 0:00:11]} Bf4 {[%emt 0:00:46]} 44. Bd5 {[%emt 0:00:11]} Bc1 {[%emt 0:00:06]} 45. Be4 {[%emt 0:00:41]} Bf4 46. Bd5 Bc1 1/2-1/2

[Event "XVII Profigaia Open 2017"]
[Site "Gaia"]
[Date "2017.06.17"]
[Round "6"]
[White "Silva, Joao Miguel Carvalh"]
[Black "Triunfante, Armando"]
[Result "0-1"]
[WhiteElo "1502"]
[BlackElo "1231"]
[Annotator "NA RC"]
[PlyCount "90"]
[EventDate "2017.??.??"]
[EventType "swiss"]
[EventCountry "POR"]
[SourceTitle "playchess.com"]
[Source "ChessBase"]
[SourceQuality "1"]
[TimeControl "5400+30"]

1. e4 {[%emt 0:06:01]} e5 {[%emt 0:00:00]} 2. Nf3 {[%emt 0:00:08]} Nc6 {[%emt 0:00:00]} 3. Bc4 {[%emt 0:00:38]} h6 {[%emt 0:00:09]} 4. d3 {[%emt 0:01:17]} Bc5 {[%emt 0:00:37]} 5. Nc3 {[%emt 0:00:57]} d6 {[%emt 0:01:37]} 6. h3 {[%emt 0:06:48]} Nf6 {[%emt 0:02:22]} 7. Ne2 {[%emt 0:02:10]} Qe7 {[%emt 0:02:15]} 8. Ng3 {[%emt 0:00:57]} Bd7 {[%emt 0:00:46]} 9. c3 {[%emt 0:00:38]} O-O-O {[%emt 0:02:30]} 10. b4 {[%emt 0:05:43]} Bb6 {[%emt 0:01:02]} 11. a4 {[%emt 0:02:09]} a5 {[%emt 0:01:04]} 12. b5 {[%emt 0:01:33]} Nb8 {[%emt 0:01:38]} 13. Qb3 {[%emt 0:12:37]} Be6 {[%emt 0:00:47]} 14. Bxe6+ {[%emt 0:02:03]} Qxe6 {[%emt 0:01:25]} 15. Qxe6+ {[%emt 0:12:14]} fxe6 {[%emt 0:00:07]} 16. O-O {[%emt 0:01:19]} Nbd7 {[%emt 0:03:11]} 17. Ba3 {[%emt 0:01:18]} g5 {[%emt 0:00:52]} 18. d4 {[%emt 0:01:23]} exd4 {[%emt 0:05:32]} 19. cxd4 {[%emt 0:00:30]} g4 {[%emt 0:00:38]} 20. hxg4 {[%emt 0:02:00]} Nxg4 {[%emt 0:00:56]} 21. Rac1 {[%emt 0:01:18]} Kb8 {[%emt 0:05:44]} 22. Bb2 e5 23. dxe5 {[%emt 0:01:43]} Ndxe5 {[%emt 0:00:51]} 24. Bd4 {[%emt 0:02:48]} Nxf3+ {[%emt 0:01:38]} 25. gxf3 {[%emt 0:02:18]} Bxd4 {[%emt 0:08:43]} 26. fxg4 {[%emt 0:00:28]} Rhg8 {[%emt 0:01:00]} 27. Rc4 {[%emt 0:02:19]} Be5 {[%emt 0:07:54]} 28. Rfc1 {[%emt 0:01:11]} Rd7 {[%emt 0:04:23]} 29. Kg2 {[%emt 0:05:05]} Rxg4 {[%emt 0:01:06]} 30. Rh1 {[%emt 0:01:33]} Bxg3 {[%emt 0:12:42]} 31. fxg3 {[%emt 0:00:27]} d5 {[%emt 0:03:24]} 32. Rd4 {[%emt 0:01:21]} Rxe4 {[%emt 0:00:21]} 33. Rxe4 {[%emt 0:00:15]} dxe4 {[%emt 0:00:10]} 34. Rxh6 {[%emt 0:00:04]} Rd4 {[%emt 0:01:19]} 35. Rh4 {[%emt 0:00:36]} Rxa4 {[%emt 0:00:29]} 36. Kf2 {[%emt 0:00:08]} Ka7 {[%emt 0:02:19]} 37. Ke3 {[%emt 0:01:30]} Ra3+ {[%emt 0:00:39]} 38. Kxe4 {[%emt 0:00:16]} Rxg3 {[%emt 0:00:21]} 39. Rh6 {[%emt 0:00:22]} Rb3 {[%emt 0:00:37]} 40. Rh5 {[%emt 0:01:07]} Kb6 {[%emt 0:00:24]} 41. Kd4 {[%emt 0:00:20]} Rxb5 {[%emt 0:00:09]} 42. Rxb5+ {[%emt 0:01:44]} Kxb5 {[%emt 0:00:02]} 43. Kc3 {[%emt 0:00:09]} c5 {[%emt 0:00:58]} 44. Kb3 {[%emt 0:00:15]} b6 {[%emt 0:00:59]} 45. Kc3 {[%emt 0:00:15]} Kc6 {[%emt 0:00:14] Kd4} 0-1

[Event "XVII Profigaia Open 2017"]
[Site "Gaia"]
[Date "2017.06.17"]
[Round "6"]
[White "Moreira, Rafael Mota"]
[Black "Duarte, Francisco"]
[Result "1-0"]
[WhiteElo "1478"]
[BlackElo "1154"]
[Annotator "NA RC"]
[PlyCount "95"]
[EventDate "2017.??.??"]
[EventType "swiss"]
[EventCountry "POR"]
[SourceTitle "playchess.com"]
[Source "ChessBase"]
[SourceQuality "1"]
[TimeControl "5400+30"]

1. e4 {[%emt 0:00:00]} e5 {[%emt 0:05:38]} 2. Nf3 {[%emt 0:00:00]} Nc6 {[%emt 0:00:16]} 3. Bc4 {[%emt 0:00:00]} h6 {[%emt 0:00:29]} 4. Nc3 {[%emt 0:00:19]} Nf6 {[%emt 0:00:18]} 5. d3 {[%emt 0:00:20]} Bb4 {[%emt 0:00:29]} 6. Bd2 {[%emt 0:01:27]} d6 {[%emt 0:00:16]} 7. Nd5 {[%emt 0:02:08]} Bxd2+ {[%emt 0:00:13]} 8. Qxd2 {[%emt 0:00:19]} Bg4 {[%emt 0:00:14]} 9. Qe3 {[%emt 0:05:52]} Bxf3 {[%emt 0:00:45]} 10. Qxf3 {[%emt 0:00:30]} Nd4 {[%emt 0:00:09]} 11. Qd1 {[%emt 0:01:03]} c6 {[%emt 0:00:22]} 12. Ne3 {[%emt 0:04:20]} b5 {[%emt 0:00:40]} 13. Bb3 {[%emt 0:00:57]} O-O {[%emt 0:00:34]} 14. c3 {[%emt 0:01:05]} Ne6 {[%emt 0:00:29]} 15. Nf5 {[%emt 0:02:16]} d5 {[%emt 0:00:23]} 16. exd5 {[%emt 0:01:42]} cxd5 17. Qf3 {[%emt 0:02:24]} Nc5 {[%emt 0:01:17]} 18. Qg3 {[%emt 0:01:58]} Nh5 {[%emt 0:01:16]} 19. Qg4 {[%emt 0:03:47]} Qg5 {[%emt 0:02:25]} 20. Qxg5 {[%emt 0:01:11]} hxg5 {[%emt 0:00:05]} 21. Ne7+ {[%emt 0:02:41]} Kh7 {[%emt 0:01:18]} 22. Bxd5 {[%emt 0:01:55]} Nxd3+ {[%emt 0:00:07]} 23. Kd2 {[%emt 0:01:49]} Rae8 {[%emt 0:00:27]} 24. Be4+ {[%emt 0:04:10]} Kh8 {[%emt 0:00:00]} 25. Bxd3 {[%emt 0:00:00]} Rxe7 {[%emt 0:00:03]} 26. Bxb5 {[%emt 0:00:08]} Rd8+ {[%emt 0:00:14]} 27. Kc2 {[%emt 0:00:48]} Re6 {[%emt 0:01:19]} 28. Rad1 {[%emt 0:01:10]} Red6 {[%emt 0:00:30]} 29. Rxd6 {[%emt 0:02:44]} Rxd6 {[%emt 0:00:03]} 30. Rd1 {[%emt 0:00:18]} Rf6 {[%emt 0:00:33]} 31. f3 {[%emt 0:01:34]} Nf4 {[%emt 0:00:23]} 32. g3 {[%emt 0:02:37]} Ng2 {[%emt 0:00:30]} 33. Rd7 {[%emt 0:01:45]} Rxf3 {[%emt 0:00:24]} 34. Bd3 {[%emt 0:01:28]} g6 {[%emt 0:00:17]} 35. c4 {[%emt 0:03:24]} Ne1+ {[%emt 0:00:55]} 36. Kd2 {[%emt 0:00:43]} Nxd3 {[%emt 0:00:22]} 37. Rxd3 {[%emt 0:00:22]} Rf2+ {[%emt 0:00:02]} 38. Kc3 {[%emt 0:00:26]} Rxh2 {[%emt 0:00:13]} 39. c5 {[%emt 0:00:19]} e4 {[%emt 0:00:15]} 40. Rd2 {[%emt 0:01:17]} Rh1 {[%emt 0:00:31]} 41. c6 {[%emt 0:00:58]} Rc1+ {[%emt 0:00:08]} 42. Rc2 {[%emt 0:00:06]} Rd1 {[%emt 0:00:09]} 43. c7 {[%emt 0:00:19]} Rd3+ {[%emt 0:00:14]} 44. Kb4 {[%emt 0:00:25]} Rd4+ {[%emt 0:00:01]} 45. Rc4 {[%emt 0:00:40]} a5+ {[%emt 0:00:02]} 46. Kb5 {[%emt 0:01:12]} Rd5+ {[%emt 0:00:11]} 47. Rc5 {[%emt 0:00:45]} Rxc5+ {[%emt 0:00:17]} 48. Kxc5 {[%emt 0:00:14]} 1-0

[Event "XVII Profigaia Open 2017"]
[Site "Gaia"]
[Date "2017.06.17"]
[Round "6"]
[White "Ribeiro, Andre Amorim"]
[Black "Andrade Sandoval, Jim Carlos"]
[Result "0-1"]
[WhiteElo "1463"]
[BlackElo "1971"]
[Annotator "NA"]
[PlyCount "80"]
[EventDate "2017.??.??"]
[EventType "swiss"]
[EventCountry "POR"]
[SourceTitle "playchess.com"]
[Source "ChessBase"]
[SourceQuality "1"]
[TimeControl "5400+30"]

{[%evp 8,80,14,27,24,32767,32767,32767,-6,32767,-10,-21,32767,-18,-24,-121,-7,-99,-72,-123,32767,32767,-156,32767,-157,-154,-152,32767,-149,-173,-154,-148,-162,-153,-161,-391,32767,32767,-395,-590,-424,-514,-489,-649,-735,-1157,-598,32767,32767,-731,-779,-766,-1030,-2029,-655,-710,-603,-636,-677,-699,-266,-508,-409,-633,-528,-518,-589,32767,32767,32767,32767,-2643,-5447,-29967,-29973]} 1. e4 {[%emt 0:02:50]} c5 {[%emt 0:00:05]} 2. Nf3 {[%emt 0:00:07]} e6 {[%emt 0:00:04]} 3. c3 {[%emt 0:00:46]} d5 {[%emt 0:00:04]} 4. exd5 {[%emt 0:01:20]} Qxd5 {[%emt 0:00:09] LiveBook: 1236 Games} 5. d4 {[%emt 0:00:18]} Nf6 {[%emt 0:00:07]} 6. Be3 {[%emt 0:02:20]} cxd4 {[%emt 0:00:09]} 7. Bxd4 {[%emt 0:00:25] B22: Sicilian: 2 c3} (7. cxd4 Bb4+ 8. Nc3 O-O 9. Be2 Nbd7 10. O-O Bxc3 11. bxc3 b6 12. Nd2 Qd6 13. Bf3 Rb8 14. c4 Bb7 15. Bxb7 Rxb7 {1-0 (36) Finkel,A (2511)-Navara,D (2725) Tallinn 2016}) 7... Nc6 {[%emt 0:05:16]} 8. Nbd2 {[%emt 0:01:55]} Nxd4 {[%emt 0:04:46]} 9. Nxd4 {[%emt 0:02:25]} Bd7 {[%emt 0:10:18]} 10. Qb3 $146 {[%emt 0:12:55]} ({Predecessor:} 10. Qf3 Qxf3 11. N2xf3 Bd6 12. Bb5 Rd8 13. O-O Bxb5 14. Nxb5 Bb8 {1-0 (91) Koutsogiannis,E (1960)-Pandelidis,I (2114) Nikaia 2015}) 10... Bc5 {[%emt 0:08:00]} 11. N2f3 {[%emt 0:02:46]} (11. Qxd5 $11 Nxd5 12. N2b3) 11... O-O {[%emt 0:05:54]} ({Black should play} 11... Qe4+ $17 12. Be2 O-O) 12. Be2 {[%emt 0:06:02]} (12. Qxd5 $11 {keeps the balance.} Nxd5 13. Bc4) 12... Bxd4 {[%emt 0:05:28]} 13. Qxd5 {[%emt 0:00:54]} Bxc3+ {[%emt 0:00:53]} 14. bxc3 {[%emt 0:00:19]} Nxd5 {[%emt 0:00:09]} 15. Ne5 {[%emt 0:00:51]} Ba4 {[%emt 0:05:06]} 16. c4 {[%emt 0:01:25]} Nf4 {[%emt 0:11:04]} 17. g3 {[%emt 0:05:18]} Nxe2 {[%emt 0:00:43]} 18. Kxe2 {[%emt 0:00:09]} Rac8 {[%emt 0:04:38]} 19. Rhc1 {[%emt 0:05:43]} Rfd8 {[%emt 0:02:00]} 20. Rab1 {[%emt 0:03:47]} f6 {[%emt 0:11:37]} 21. Rxb7 $2 {[%emt 0:07:19]} (21. Nd3 $17) 21... fxe5 {[%emt 0:02:51]} 22. Rxa7 {[%emt 0:00:32] [#]} Rxc4 $1 {[%emt 0:02:32]} 23. Rb1 {[%emt 0:03:36]} (23. Rxc4 $142 Bb5 24. Ke3 Bxc4 25. a4) 23... Rd7 {[%emt 0:02:59]} 24. Ra5 {[%emt 0:04:42]} e4 {[%emt 0:03:41]} 25. Ke3 {[%emt 0:03:06]} Kf7 {[%emt 0:00:08]} 26. Rb2 {[%emt 0:02:46]} Kf6 {[%emt 0:01:51]} 27. h4 {[%emt 0:05:32]} Bd1 {[%emt 0:02:02]} 28. Ra3 {[%emt 0:01:54]} Rc2 {[%emt 0:03:31]} 29. Rxc2 {[%emt 0:02:15]} Bxc2 {[%emt 0:00:05]} 30. Ke2 {[%emt 0:00:33]} Bd1+ {[%emt 0:00:47]} 31. Ke3 {[%emt 0:00:37]} Ke5 {[%emt 0:00:24]} 32. Ra5+ {[%emt 0:01:17]} Rd5 {[%emt 0:00:09]} 33. Ra3 {[%emt 0:00:07]} Rd3+ {[%emt 0:01:48]} (33... g6 $142 34. Rc3 Kf5) 34. Rxd3 {[%emt 0:00:15]} exd3 {[%emt 0:00:16]} 35. Kxd3 {[%emt 0:00:02]} Kf5 {[%emt 0:00:03]} 36. Kd2 {[%emt 0:01:34]} Ba4 {[%emt 0:00:09]} 37. f3 {[%emt 0:00:33]} h5 {[%emt 0:00:09]} 38. Ke3 {[%emt 0:02:55]} e5 {[%emt 0:00:10]} 39. a3 {[%emt 0:02:41]} Bb5 {[%emt 0:00:05]} 40. Kf2 {[%emt 0:01:36]} e4 {[%emt 0:00:35]} 0-1

[Event "XVII Profigaia Open 2017"]
[Site "Gaia"]
[Date "2017.06.17"]
[Round "6"]
[White "Coimbra, Joao Marcial Ferrei"]
[Black "Oliveira, Maria Elisa Ramos M"]
[Result "1-0"]
[WhiteElo "1402"]
[BlackElo "1137"]
[Annotator "NA RC"]
[PlyCount "85"]
[EventDate "2017.??.??"]
[EventType "swiss"]
[EventCountry "POR"]
[SourceTitle "playchess.com"]
[Source "ChessBase"]
[SourceQuality "1"]
[TimeControl "5400+30"]

1. c3 {[%emt 0:00:00]} Nf6 {[%emt 0:00:05]} 2. d3 {[%emt 0:00:09]} e6 {[%emt 0:00:06]} 3. Bg5 b6 4. e4 {[%emt 0:01:26]} Be7 {[%emt 0:00:49]} 5. h3 {[%emt 0:00:35]} h6 {[%emt 0:00:12]} 6. Bh4 {[%emt 0:00:10]} d6 {[%emt 0:00:21]} 7. Be2 {[%emt 0:00:28]} Bb7 {[%emt 0:00:22]} 8. Bf3 {[%emt 0:00:10]} c5 {[%emt 0:00:26]} 9. Nd2 {[%emt 0:00:59]} d5 {[%emt 0:00:26]} 10. e5 {[%emt 0:00:57]} Nfd7 {[%emt 0:00:10]} 11. Bg3 {[%emt 0:00:25]} f6 {[%emt 0:00:15]} 12. exf6 {[%emt 0:01:06]} Nxf6 {[%emt 0:00:14]} 13. Bh5+ {[%emt 0:00:42]} Kf8 {[%emt 0:00:15]} 14. Bg4 {[%emt 0:01:24]} Kf7 {[%emt 0:00:27]} 15. Ngf3 {[%emt 0:00:37]} Bc8 {[%emt 0:01:18]} 16. Ne5+ {[%emt 0:00:23]} Ke8 {[%emt 0:01:04]} 17. Bh5+ {[%emt 0:00:19]} g6 {[%emt 0:00:45]} 18. Bxg6+ {[%emt 0:00:22]} Kf8 {[%emt 0:00:17]} 19. Nf7 {[%emt 0:00:44]} Qd7 {[%emt 0:00:16]} 20. Nf3 {[%emt 0:02:56]} Kg7 {[%emt 0:00:47]} 21. Nxh8 {[%emt 0:01:19]} Kxh8 {[%emt 0:00:09]} 22. Be5 Kg7 23. Bh5 {[%emt 0:02:36]} Kf8 {[%emt 0:01:34]} 24. Bg4 {[%emt 0:00:41]} h5 {[%emt 0:00:45]} 25. Nh4 {[%emt 0:00:36]} hxg4 {[%emt 0:00:16]} 26. hxg4 {[%emt 0:00:22]} Qd8 {[%emt 0:02:30]} 27. g5 {[%emt 0:01:07]} Ng8 {[%emt 0:00:42]} 28. Qf3+ {[%emt 0:01:14]} Ke8 {[%emt 0:00:14]} 29. Qh5+ {[%emt 0:01:42]} Kd7 {[%emt 0:00:10]} 30. f4 {[%emt 0:00:35]} Nc6 {[%emt 0:00:45]} 31. Nf3 {[%emt 0:01:00]} Qe8 {[%emt 0:00:42]} 32. g4 {[%emt 0:01:19]} Bd6 {[%emt 0:00:31]} 33. Qxe8+ {[%emt 0:00:45]} Kxe8 {[%emt 0:00:11]} 34. Bxd6 {[%emt 0:00:07]} Kf7 {[%emt 0:00:10]} 35. Ne5+ {[%emt 0:01:11]} Nxe5 {[%emt 0:00:15]} 36. fxe5 {[%emt 0:00:16]} Kg6 {[%emt 0:00:06]} 37. Rh5 {[%emt 0:01:22]} Bd7 {[%emt 0:00:46]} 38. Kd2 {[%emt 0:00:34]} Be8 {[%emt 0:00:23]} 39. Rah1 Kf7 40. Rh8 {[%emt 0:03:43]} Ne7 {[%emt 0:00:43]} 41. R1h7+ {[%emt 0:00:28]} Kg6 {[%emt 0:00:12]} 42. Rxe7 {[%emt 0:00:38]} Kxg5 {[%emt 0:00:54]} 43. Rexe8 {[%emt 0:00:45]} 1-0

[Event "XVII Profigaia Open 2017"]
[Site "Gaia"]
[Date "2017.06.17"]
[Round "6"]
[White "Pedroso, Manuel"]
[Black "De Moura, Fernando Alves"]
[Result "0-1"]
[WhiteElo "1285"]
[BlackElo "1814"]
[Annotator "NA RC"]
[PlyCount "64"]
[EventDate "2017.??.??"]
[EventType "swiss"]
[EventCountry "POR"]
[SourceTitle "playchess.com"]
[Source "ChessBase"]
[SourceQuality "1"]
[TimeControl "5400+30"]

{[%evp 9,59,2,32767,32767,32767,32767,32767,-17,5,-87,-85,32767,-60,-79,-81,-71,-16,-28,51,5,98,-86,-87,-391,-397,-458,-455,-542,-554,-559,0,-375,-369,-363,-350,-439,-470,-452,-255,-504,-466,-473,-472,-2046,-2735,-2452,-29986,32767,32767,32767,32767,-29995]} 1. d4 Nf6 2. c4 c5 3. d5 b5 4. b3 bxc4 5. bxc4 g6 6. Nc3 {A57: Benko/Volga Gambit} d6 7. Bf4 $146 ({Predecessor:} 7. e4 Bg7 8. Rb1 Nbd7 9. Nf3 Ng4 10. Bb2 Rb8 11. Nb5 Bxb2 12. Rxb2 a6 13. Nxd6+ exd6 14. Rxb8 Nxb8 {0-1 (30) Boitsov,G (2148)-Zakaryan,D (2191) Lazarevskoe 2014}) 7... Bg7 8. Rc1 O-O 9. e3 (9. e4 $11) 9... Qa5 10. Qd2 Na6 11. Nf3 Rb8 12. Be2 Bd7 13. O-O Nc7 (13... Qa3 $11) 14. h3 Qa3 {[#]} (14... Nh5 $11 {remains equal.}) 15. Rb1 $2 (15. e4 $1 $16) 15... Nh5 16. Bh2 $2 (16. Nb5 $17 Nxb5 17. cxb5) 16... Bxc3 17. Qc1 Bb2 18. Qd2 $1 $11 Bf5 19. Rbd1 Bd7 $2 (19... Nf6 $19 20. g4 Bd7) 20. e4 $2 Ba4 21. Rb1 Rb6 22. g4 Nf6 23. e5 Nd7 (23... Ne4 $142 24. Qd3 Nc3) 24. Qh6 $2 (24. exd6 {is the only way for White.} exd6 25. Bxd6 Rxd6 26. Rxb2) 24... Rfb8 25. Ng5 Nf8 26. f4 (26. Nf3 $142) 26... Bd4+ 27. Kh1 Rxb1 28. f5 Rxf1+ 29. Bxf1 Qc1 30. Kg2 Rb2+ 31. Kg3 Qe1+ 32. Kf4 Qe3# 0-1

[Event "XVII Profigaia Open 2017"]
[Site "Gaia"]
[Date "2017.06.17"]
[Round "6"]
[White "Soares, Sara Joana De Moura"]
[Black "Moura, Paulo Jorge Alves B"]
[Result "1-0"]
[WhiteElo "1183"]
[BlackElo "1913"]
[Annotator "NA RC"]
[PlyCount "47"]
[EventDate "2017.??.??"]
[EventType "swiss"]
[EventCountry "POR"]
[SourceTitle "playchess.com"]
[Source "ChessBase"]
[SourceQuality "1"]
[TimeControl "5400+30"]

{[%evp 17,47,-81,32767,32767,-49,-72,-49,-65,-42,-66,-69,-77,-60,-76,-35,32767,32767,-87,-82,-87,-87,-85,-28,-22,-30,-117,-9,0,0,0,-8,-73]} 1. e4 {[%emt 0:00:00]} c5 {[%emt 0:00:11]} 2. Nf3 {[%emt 0:00:00]} Nc6 {[%emt 0:00:29]} 3. Nc3 {[%emt 0:00:32]} d6 {[%emt 0:00:18]} 4. d3 {[%emt 0:02:22]} Nf6 {[%emt 0:00:34]} 5. Be2 {[%emt 0:02:44]} g6 {[%emt 0:00:49]} 6. Be3 {[%emt 0:01:30]} Bg7 {[%emt 0:01:13]} 7. O-O {[%emt 0:01:07]} O-O {[%emt 0:00:24]} 8. Qd2 {[%emt 0:02:45] B50: Sicilian: 2...d6, Miscellaneous} Ng4 {[%emt 0:03:53]} 9. h3 {[%emt 0:11:03]} (9. Bg5 $11) 9... Nxe3 {[%emt 0:04:39]} 10. fxe3 {[%emt 0:01:25]} e6 {[%emt 0:02:17]} 11. Rad1 $146 {[%emt 0:06:44]} ({Predecessor:} 11. Rab1 d5 12. exd5 exd5 {0-1 (44) Merenyi,G (2130)-Felegyhazi,L (2306) Hungary 2009}) 11... Ne5 {[%emt 0:04:26]} 12. Nxe5 {[%emt 0:07:02]} Bxe5 {[%emt 0:00:27]} 13. Bf3 {[%emt 0:01:12]} a6 {[%emt 0:04:35]} 14. a4 {[%emt 0:02:36]} Bd7 {[%emt 0:04:12]} 15. b3 {[%emt 0:02:05]} b5 {[%emt 0:01:44]} 16. axb5 {[%emt 0:02:42]} axb5 {[%emt 0:03:19]} 17. Ne2 {[%emt 0:01:16]} b4 {[%emt 0:01:21]} 18. d4 {[%emt 0:02:24]} cxd4 {[%emt 0:19:09]} 19. exd4 {[%emt 0:00:35]} Bg7 {[%emt 0:01:14]} (19... Qb6 $17) 20. Qxb4 {[%emt 0:00:41]} Qc7 {[%emt 0:02:18]} 21. Qc3 {[%emt 0:01:52]} (21. Qd2 $11) 21... Qb6 {[%emt 0:05:33]} (21... Qxc3 $17 22. Nxc3 Rac8) 22. Kh1 {[%emt 0:01:34]} Bb5 {[%emt 0:02:38]} 23. Rfe1 {[%emt 0:01:55]} Rfc8 {[%emt 0:04:37]} 24. Qb2 $17 {[%emt 0:03:24]} (24. Qb4 $11 Rxc2 25. Nc3) 1-0